000 00571nam a2200229Ia 4500
003 OSt
005 20221007074150.0
006 a|||||r|||| 00| 0
007 ta
008 221006b |||||||| |||| 00| 0 eng d
024 _a24,355
037 _cTextual
040 _aFLL
_cFLL
_beng
041 _2eng
_aeng
082 _aZ2:5, J.1
245 0 _aCriminal court manual
250 _a6th
260 _aMadras
_bThe Madras Law Journal Office India
_c1951
300 _aviii,1-1106p
_ccm.
942 _hZ2:5, J.1
_cTEXL
_2CC
999 _c1151398
_d1151398